[Event "Sigeman & Co 09th"]
[Site "Malmo"]
[Date "2001.06.15"]
[Round "4"]
[White "Sokolov, Ivan"]
[Black "Hansen, Curt"]
[Result "1-0"]
[WhiteElo "2659"]
[BlackElo "2619"]
[Annotator "Golod,V"]
[PlyCount "81"]
[EventDate "2001.06.12"]
[EventType "tourn"]
[EventRounds "9"]
[EventCountry "SWE"]
[EventCategory "13"]
[SourceTitle "CBM 084"]
[Source "ChessBase"]
[SourceDate "2001.09.13"]
[SourceVersion "1"]
[SourceVersionDate "2001.09.13"]
[SourceQuality "1"]

1. d4 Nf6 2. c4 e6 3. Nc3 Bb4 4. Qc2 O-O 5. a3 Bxc3+ 6. Qxc3 b6 7. Bg5 Bb7 8.
f3 h6 9. Bh4 d5 10. e3 Nbd7 11. cxd5 Nxd5 12. Bxd8 Nxc3 13. Bh4 Nd5 14. Bf2 c5
15. e4 ({In my opinion slightly better is:} 15. Bb5 $5 {You can see comments
to games: Kramnik,V-Kasparov,G/London,2000/CBM 79(1/2-1/2)  (Golod,V)(38) and
Golod,V-Pilgaard,K/Ubeda,2001(1/2-1/2)(Golod,V)(72)}) 15... Nf4 $6 {Besides
black has two options:} (15... Ne7 $5 {See comments to next games: Teplitsky,
Y-Gershon,A/Bermuda,1999/CBM 69 (1/2-1/2)(Golod,V)(27) and Gurevich,M-Lutz,C/
Essen,2001/CBM 83(1/2-1/2)(Golod,V)(45)}) ({and} 15... N5f6 16. dxc5 $6 (16.
Ne2 $5 $14) 16... Nxc5 17. Bxc5 $6 bxc5 18. Rc1 Rac8 19. Bb5 Rfd8 20. Ne2 Rd6
$13 {James,D-Markowski,T/Lloyds Bank op,1994 (0-1)(41)}) 16. Bb5 Rad8 $5 ({
Was checked in the previous games:} 16... Nf6 $6 17. Ne2 (17. dxc5 $5) 17...
Nxe2 18. Kxe2 cxd4 19. Bxd4 Nh5 20. Be3 $14 {Gurevich,M-Van der Wiel,J/Antwerp,
1993(1/2-1/2)(42)}) ({and} 16... Rfd8 $5 {See comments to Brunner,L-Almasi,Z/
Horgen,1995/CBM 50(½-½) (Dautov,R)(41)}) 17. Ne2 $1 $146 {[%mdl 8] From my
point of view,this novelty brings white at least slightly better position.} ({
Much worse is:} 17. g3 Ng6 18. Rd1 (18. Ne2 f5 $1 $36) 18... f5 19. exf5 exf5
$15 {You can see commens to game: Jelen,I-Onischuk,A/Vienna,1996/CBM 53(0-1)
(Chekhov,V)(34)}) 17... Nxg2+ {Black are finally,decided enter in tactical
complication.} ({After:} 17... Nxe2 18. Kxe2 {white has a BB in endgame.}) 18.
Kf1 f5 $8 {[%csl Gb7,Re4,Rf3,Gf5][%cal Gf5e4]} 19. d5 $1 {In it and essence of
a plan white, when they played: 17.Ne2} ({Unexpectedly loses right away:} 19.
Kxg2 $4 {in view of:} fxe4 20. fxe4 (20. Nc3 e3 $1 21. Bxe3 Rxf3 $19 {[%csl
Gb7,Gf3,Rg2]}) 20... Bxe4+ 21. Kg3 (21. Kg1 Bxh1) 21... Rf3+ 22. Kg2 Rxa3+ $1 {
[%csl Ra1,Ge4,Rg2][%cal Ga3a1,Ga3h3]}) 19... exd5 ({Weakly:} 19... fxe4 $2 {
because of:} 20. dxe6 $1 {[%csl Rd7,Rd8,Rf8][%cal Ge6e7,Ge6d7]} Rxf3 (20...
exf3 21. Nc3 $16) 21. Kxg2 e3 (21... Nf6 22. Rhd1 Rxd1 23. Rxd1 e3 24. Rd8+ Kh7
25. Bg3 $18) 22. Bh4 Nf6 (22... g5 23. Rhd1 Rf2+ 24. Kh3 $1 Bg2+ 25. Kg3 gxh4+
26. Kxh4 $18) 23. e7 Rd2 24. Bxf6 Rxf6+ 25. Kh3 Bc8+ 26. Kg3 $18 {[%csl Ge7]
[%cal Ge7e8]}) 20. exd5 {[%csl Rg2]} Bxd5 $2 {This natural, on the first sight
the move, is a gross blunder.} ({Can be recommended:} 20... Ne5 $1 21. Kxg2
$140 Rxd5 $1 {[%csl Gb7,Ge5,Rf3,Rg2][%cal Gd5d2]} 22. Rhd1 (22. Rhe1 $2 Nxf3 $1
23. Kxf3 $140 Rd3+ 24. Kf4 Rf3+ 25. Ke5 Rxf2 $15) 22... Rxd1 23. Rxd1 Bxf3+ 24.
Kf1 g5 {+/=/=}) 21. Kxg2 {[%mdl 1024]} Ne5 22. Ng1 {[%csl Rf3,Yg1,Yg2][%cal
Yg2f3,Yg1f3]} g5 23. Re1 Ng6 24. h4 $1 $16 g4 $5 ({Pretty dubiously:} 24...
Nf4+ {in view of:} 25. Kg3 Nh5+ 26. Kh2 g4 27. Re5 $16) 25. h5 Nf4+ 26. Kg3 Ne6
27. Rh4 $6 {This discrepancy considerably complicates realization of material
advantage!} ({Much better is:} 27. Bc6 $1 $16 {[%csl Yd5,Ge1,Re6][%cal Gc6d5,
Yd5e6]}) 27... Ng5 28. Be3 $6 ({It was necessary:} 28. Re7 Nxf3 29. Nxf3 Bxf3
30. Be3 Rf6 31. Rh2 {[%cal Gh2d2] +/=/+/-}) 28... Bxf3 $6 (28... gxf3 $5 29.
Bd3 Kg7 $14) 29. Nxf3 $1 {Ivan Sokolov has taken into account all consequences
of this victim.} Nxf3 30. Rhh1 Nxe1 31. Rxe1 {[%mdl 1024]} f4+ $6 ({Is a
possible continuation of the play:} 31... Rf6 $5 32. Bf4 Kf8 33. Bc4 $14) 32.
Bxf4 Rd4 33. Rf1 c4 $2 ({More stubborn resistance after:} 33... Rf5 {[%csl Rh5]
} 34. Be3 (34. Kxg4 $2 Rg5+) (34. Be2 $5) 34... Rxf1 35. Bxf1 Rd1 36. Bc4+ Kg7
37. Kxg4 Re1 38. Bf4 {+/=/+/-}) 34. Kxg4 $16 Kh7 35. Ba4 $1 {[%cal Ga4c2]} a6
36. Bc2+ Kg7 37. Kg3 {[%cal Gf4e5]} Re8 38. Kf3 {[%cal Gf1g1]} Re6 39. Bf5 {
[%csl Gf4,Gf5] Full domination.It's difficult to give a good advise for black.}
Re8 40. Rg1+ Kf6 41. Bc2 $18 {[%cal Gg1g6]} (41. Bc2 Re6 42. Bxh6 Kf7 43. Bg5
$18 {[%csl Yc2,Yg5][%cal Gh5h6,Gh6h7]}) 1-0

[Event "George Marx Memorial 2nd"]
[Site "Paks"]
[Date "2004.06.15"]
[Round "10"]
[White "Berkes, Ferenc"]
[Black "Beliavsky, Alexander G"]
[Result "1/2-1/2"]
[WhiteElo "2613"]
[BlackElo "2667"]
[Annotator "Golod,V"]
[PlyCount "56"]
[EventDate "2004.05.05"]
[EventType "tourn"]
[EventRounds "10"]
[EventCountry "HUN"]
[EventCategory "14"]
[SourceTitle "CBM 102"]
[Source "ChessBase"]
[SourceDate "2004.09.23"]
[SourceVersion "1"]
[SourceVersionDate "2004.09.23"]
[SourceQuality "1"]

1. d4 Nf6 2. c4 e6 3. Nc3 Bb4 4. Qc2 O-O 5. a3 Bxc3+ 6. Qxc3 b6 7. Bg5 Bb7 8.
e3 d6 9. Ne2 Nbd7 10. Qd3 ({Nowadays less popular is:} 10. Qc2 {[%csl Re4]
[%cal Ge2c3] You can see my annotations to games: Kacheishvili,G-Polgar,J/
Batumi,1999/CBM 74(0-1)(33)}) 10... Ba6 11. Nc3 ({Is a possible continuations
of the play:} 11. b4 $5 {See my comments to Kasparov,G-Grischuk,A/Rethymnon,
2003/CBM 98(1-0)(63)}) ({and} 11. Qc2 c5 12. Rd1 cxd4 13. Rxd4 Qc7 14. Nc3 h6
$140 (14... Rfc8 $5) 15. Bxf6 Nxf6 16. Qa4 $1 $14 {[%csl Ra6,Rd6] Berkvens,
J-Buss,R/Zug,2003(1-0)(62)}) 11... d5 12. Qc2 dxc4 $146 {I have foreseen four
months prior to this game, that this move should be checked up in the future
!!!} ({Recently was checked up another continuation:} 12... Bxc4 {You can see
my annotation to game: Dreev,A-Kulaots,K/Moscow,2004/CBM 100(1-0)(37)}) 13. Qa4
({It was weakly:} 13. e4 {because of:} h6 14. Bh4 c5 15. d5 (15. e5 $2 cxd4 16.
exf6 g5 $1 17. Bg3 dxc3 18. Rd1 $1 cxb2 $17 19. Be5 $140 $2 Nxe5 $1 {Nice
sacrifice of queen. Black uses a White's poor development!} 20. Rxd8 Rfxd8 21.
Qxb2 c3 $1 22. Qxc3 $140 Rac8 23. Qa1 Bxf1 24. Kxf1 Nd3 25. Ke2 Rc2+ 26. Ke3
Nxf2 $19 {[%csl Re3][%cal Gd8d3]}) 15... exd5 16. Nxd5 (16. exd5 Ne5 $17 {
/\Nd3+}) 16... g5 $15 17. Nxf6+ Nxf6 18. Bg3 Nxe4 $1 $17) 13... Bb7 {It's the
most logical reaction to the previous move of White.} ({A little bit worse is:
} 13... Qc8 14. Bxc4 Bxc4 15. Qxc4 c5 16. dxc5 $5 (16. O-O cxd4 (16... h6 $143
17. Bxf6 Nxf6 18. dxc5 Qxc5 19. Qxc5 bxc5 20. Rac1 Rfc8 21. Rc2 {Here White
has a stable advantage.}) 17. Qxd4 h6 {+/=/=}) (16. Bxf6 Nxf6 17. dxc5 Qxc5 18.
Qxc5 bxc5 19. O-O-O $140 Ng4 $1 20. Rd2 Rfd8 $132) 16... Qxc5 17. Qxc5 Nxc5 (
17... bxc5 $143 18. O-O-O $14) 18. Bxf6 gxf6 19. Ke2 {with obvious positional
advantage of White in endgame.}) 14. Qxc4 ({Leads to unnecessary complications:
} 14. f3 h6 15. Bh4 e5 $132) 14... c5 (14... a6 $6 15. Rd1 {ףd8} b5 16. Qb4 $1
$14) 15. f3 $5 {It's rather difficult to continue a game without this move.} (
15. dxc5 $143 Rc8 16. Rd1 (16. Qa4 $6 Nxc5 17. Qxa7 $140 $4 Ra8) 16... Rxc5 17.
Qh4 h6 18. Bxf6 Qxf6 19. Qxf6 Nxf6 {=/=/+}) 15... cxd4 ({It deserves more
attention:} 15... h6 $5 16. Bh4 $140 Rc8 $11) 16. Qxd4 e5 17. Qd6 ({After:} 17.
Qd2 $6 Qe7 18. Rd1 Rfd8 {all the same to have to play:} 19. Qd6 Qxd6 20. Rxd6
h6 $11) 17... h6 18. Bh4 Nc5 $1 19. Rd1 ({Leads to favourable complications
for Black:} 19. Qxe5 $6 Re8 (19... Nfd7 $2 20. Qg3 g5 21. f4 f6 22. b4 $16 {
[%cal Gf1c4,Ga1d1]}) 20. Bxf6 (20. Qf4 $6 g5 21. Bxg5 hxg5 22. Qxg5+ Kf8 23.
Rd1 Qe7 24. b4 (24. Qh6+ Kg8 25. Qg5+ Kh8 $15) 24... Ne6 25. Qh4 Ng7 $15) 20...
Rxe5 21. Bxd8 Rxd8 22. e4 f5 23. f4 Re7 24. e5 g5 $1 $36) 19... Qxd6 20. Rxd6
Rfd8 21. Rxd8+ ({More interesting continuation is:} 21. Nb5 a6 $140 22. Rxb6 $5
(22. Rxd8+ Rxd8 23. Nc3 $11) 22... axb5 23. Bxf6 gxf6 24. b4 (24. Rxb5 $2 Rac8
25. b4 Nb3 {עe1} 26. Kf2 (26. Rxb7 $2 Rd2 {[%csl Re1][%cal Gc8c1]}) 26... Rd2+
27. Kg3 Bd5 {-/+/-+}) 24... Nd3+ 25. Bxd3 Bxf3 $1 26. Kf2 Bxg2 27. Rd1 $13)
21... Rxd8 $11 22. e4 (22. Bc4 $143 Nd3+ 23. Bxd3 Rxd3 24. Bxf6 gxf6 25. e4 {
with loss of tempo in comparison of a position from game,after 24...gxf6.})
22... Nd3+ 23. Bxd3 Rxd3 24. Bxf6 {The a little bit simple, but correct
decision.} gxf6 25. Rf1 {[%csl Yf1][%cal Yf1f2,Yf2d2]} Bc8 {The bishop passes
to more convenient position.} 26. Nd5 ({It's rather interesting,that after:} 
26. Ke2 Ba6 $140 (26... Rxc3 $2 27. bxc3 Ba6+ 28. Ke1 Bxf1 29. Kxf1 $14) 27.
Ke1 $8 (27. Kf2 $2 Rd2+ 28. Ke1 Rxb2 $17) {the best decision for my former
countryman Alexander Beliavsky - to repeat a position:} 27... Bc8 $11 (27...
Re3+ $6 28. Kf2 Bxf1 29. Kxe3 Bxg2 30. Nb5 $36 {[%csl Ra7,Gb5,Rb6,Rg2] Good
example of the superiority of the knight above the bishop}) (27... Kg7 $143 28.
Rf2 {/\Rd2 +/=/=})) 26... Kg7 27. Rf2 {/\Rd2} Be6 28. Nc7 $11 ({Also leads to
equality:} 28. Rd2 Rxd2 29. Kxd2 f5 (29... Bxd5 $2 30. exd5 Kf8 31. Kd3 {
[%csl Ra7,Rb6,Rf6][%cal Gd3e4,Ge4f5,Gd3c4,Gc4b5]}) 30. Ke3 f6 $11) 28... f5 ({
In my opinion,after:} 28... f5 {the contenders is agreed for draw,because of
next variants:} 29. Rd2 (29. Nxe6+ $143 fxe6 30. Rd2 Rb3 31. Rd7+ Kf6 32. Rxa7
Rxb2 33. Kf1 Kg5 $1 $15) 29... Re3+ 30. Re2 Rxe2+ 31. Kxe2 Bc4+ 32. Ke3 Kf6 $11
) 1/2-1/2

[Event "Tan Chin Nam Cup 8th"]
[Site "Qingdao"]
[Date "2002.07.07"]
[Round "6"]
[White "Dao, Thien Hai"]
[Black "Epishin, Vladimir"]
[Result "1-0"]
[WhiteElo "2539"]
[BlackElo "2643"]
[Annotator "Golod,V"]
[PlyCount "83"]
[EventDate "2002.07.04"]
[EventType "swiss"]
[EventRounds "9"]
[EventCountry "CHN"]
[SourceTitle "CBM 091"]
[Source "ChessBase"]
[SourceDate "2002.11.12"]
[SourceVersion "1"]
[SourceVersionDate "2002.11.12"]
[SourceQuality "1"]

1. d4 Nf6 2. c4 e6 3. Nc3 Bb4 4. Qc2 O-O 5. a3 Bxc3+ 6. Qxc3 b6 7. Bg5 Bb7 8.
f3 d6 9. e3 Nbd7 10. Nh3 (10. Bd3 $5 {See comments to Grigore,G-Pinter,J/
Budapest,2000/CBM 78(0-1)(Golod,V)(41)}) 10... Rc8 11. Bd3 ({It deserves
attention:} 11. O-O-O $5 {See comments to Vera,R-Bacrot,E/Havana,1998/CBM 65(1/
2-1/2)(Golod,V)(41)}) 11... c5 (11... h6 $143 12. Bh4 Re8 13. O-O c5 14. Rad1
cxd4 15. Qxd4 Qc7 16. Be2 d5 17. cxd5 e5 18. Qd2 Bxd5 19. e4 {+/=/= Werner,
D-Roos,C/Orange,1990(1-0)(40)}) 12. O-O cxd4 13. Qxd4 h6 14. Bh4 Nc5 $146 {
[%csl Rb3][%cal Gc5d3,Gc5b3] I think that it was better to play on checked up
by a way:} (14... Qe7 $5 15. Be2 (15. e4 $142) 15... e5 $6 (15... Ba6 $142 16.
Rac1 d5 17. b3 e5 $36) 16. Qd2 g5 17. Bg3 Nc5 18. Rad1 $14 {You can see
comments to Petursson,M-Salov,V/Manila,1990/CBM 19(0-1)(Ftacnik,L)(49)}) ({
Also was checked in the another game:} 14... Qc7 $6 15. b4 (15. e4 $142) 15...
d5 $11 {Muysers,H-Newen,R/Tuebingen,1996(1/2-1/2)(28)}) 15. Bc2 ({Leads to
equality:} 15. Rad1 d5 16. Be2 $140 dxc4 17. Qxc4 Qe7 18. Qb4 e5 $11) 15... e5
$6 {In my opinion,it's positional mistake:(weakness ><d5,f5;/^h4-d8).} ({
Can be recommended:} 15... d5 {and black gets a equal game.}) 16. Qd2 Qe7 ({
Looks slightly dangerously:} 16... g5 17. Bg3 (17. Be1 $143 d5 18. b4 Ne6 $11)
17... g4 18. fxg4 Nce4 19. Qe2 Nxg3 20. hxg3 {[%csl Rg8]}) 17. Rad1 {[%csl Rd6]
} Rfd8 ({After:} 17... Ba6 18. Qxd6 (18. b4 $6 Ncd7 19. b5 Bb7 $11) 18... Qxd6
19. Rxd6 Bxc4 20. Rfd1 {white keeps a positional advantage in the endgame.})
18. Bf5 Rc7 19. f4 $1 {[%mdl 2048] <->f; ><f6; /^h4-d8. Probably,this strong
move was simply overlooked.} exf4 ({Badly:} 19... e4 {in view of:} 20. Nf2 {
[%cal Gf2g4]} d5 21. Ng4 {[%csl Rf6]}) 20. Rxf4 Ne6 ({Loses right away:} 20...
g5 $2 21. Nxg5 $1 hxg5 22. Bxg5 {[%csl Rg8][%cal Gg5f6,Gf5h7]} Kf8 23. Qd4 $18
{[%csl Rf6]}) (20... Kh8 $143 21. Qd4 $36) 21. Bxf6 gxf6 (21... Qxf6 $2 {
is refuted by:} 22. Bh7+ Kxh7 23. Rxf6 gxf6 24. Qd3+ Kg8 (24... Kg7 25. Nf4 {
[%csl Rf6,Rg7][%cal Gf4h5]}) 25. Qf1 {+/-/+-}) 22. Rh4 $16 Kg7 ({Of course not:
} 22... Ng7 $2 23. e4 {[%csl Rg8][%cal Gd2h6]}) 23. Nf4 ({Also good enough:} 
23. e4 Ng5 24. b3) 23... Nxf4 $6 (23... Ng5 {would be more stubborn.}) 24. Rxf4
Qe5 25. b3 (25. b4 $5 {-was a bit more precise.}) 25... Kf8 26. e4 {[%csl Rh6]
[%cal Gf4h4]} (26. Bg4 $5 {[%csl Rd6,Rf6,Rf7,Rh6][%cal Gg4f3] It will be
difficult to protect of the weakness,after will be exchange BB.}) 26... b5 27.
cxb5 Qxb5 28. Rf3 {[%csl Yf3,Rh6][%cal Yf3b3]} h5 ({Impossibly:} 28... Qc5+ 29.
Kh1 $140 Qxa3 $2 {because of:} 30. Qxh6+ Ke7 31. Bg6 $1 {[%csl Re7][%cal Gh6g7]
with easy win.}) 29. Rd3 $6 ({It was much better:} 29. Kh1 {[%csl Rh5][%cal
Gf3h3]}) 29... Ke7 ({More stubborn resistance after:} 29... Qc5+ $5 30. Kh1
Qxa3 31. b4 {[%csl Rd6]} Qa6 32. Qb2 Ke7 {[%csl Ye7]}) 30. Kh1 Qe5 31. h3 a5 (
31... d5 $2 32. exd5 Qxf5 $140 33. d6+ {[%csl Rc7,Re7]}) 32. b4 axb4 33. axb4 {
<->a} Rc4 34. Ra3 {[%cal Ga3a7]} Qb5 35. e5 $6 {[%csl Re7] The a little bit
adventurous decision.} ({Can be recommended:} 35. Rc3 Qxb4 36. Rxc4 Qxc4 37.
Rc1 Qa6 38. Rc7+ Ke8 39. Qh6 {[%csl Re8][%cal Gh6h8]} Qa1+ 40. Rc1 (40. Kh2
Qe5+) 40... Qa5 41. Qxf6 {[%csl Re8] +/-/+-}) 35... fxe5 $8 36. Ra5 Qb6 (36...
Qxb4 $4 37. Qg5+ Ke8 (37... f6 38. Qg7+ Ke8 39. Bg6#) 38. Rxe5+ dxe5 39. Rxd8#)
(36... Qe8 $6 37. Rc1 $1 $40 {[%csl Re7]} (37. Ra7 $143 Qc6 38. b5 Qb6 (38...
Qxb5 $4 39. Rb1 {[%csl Rb7]}) 39. Qg5+ Ke8 {[%csl Ye8]}) (37. Bd3 $143 Rd4))
37. Qg5+ Ke8 38. Rf1 {[%cal Gf5e6] /\39.Be6 fxe6 40.Qg7(עe8)} Qxb4 (38... Rxb4
$143 39. Ra2 $40) 39. Ra7 $1 ({Weakly:} 39. Bd3 {in view of:} Qxa5 40. Qg8+ Kd7
41. Qxf7+ Kc8 42. Qxc4+ $44 {[%csl Rc8]}) 39... Rf4 $8 (39... h4 $2 40. Bc8 $1
Rdxc8 (40... Rcxc8 41. Qg8+ Kd7 42. Qxf7+ Kc6 43. Rc1+) 41. Qg8+ Kd7 42. Rxb7+
$1 Qxb7 43. Qxf7+ Kc6 44. Qxc4+ {[%csl Rb7][%cal Gf1f7,Gf1b1]}) (39... Rc7 $2
40. Be6 fxe6 41. Rf8+ $1 {[%csl Rc7,Rd8]}) 40. Rb1 Rxf5 $4 $138 {Probably it's
zeitnot blunder.} (40... Qxb1+ 41. Bxb1 Rf1+ 42. Kh2 Rxb1 43. Ra2 $14) 41. Qg8+
Kd7 42. Rxb7+ {[%csl Rb4,Rd8]} 1-0

[Event "EU-ch 2nd"]
[Site "Ohrid"]
[Date "2001.06.05"]
[Round "5"]
[White "Goloshchapov, Alexander"]
[Black "Ehlvest, Jaan"]
[Result "1/2-1/2"]
[WhiteElo "2528"]
[BlackElo "2630"]
[Annotator "Golod,V"]
[PlyCount "77"]
[EventDate "2001.06.01"]
[EventType "swiss"]
[EventRounds "13"]
[EventCountry "YUG"]
[SourceTitle "CBM 084"]
[Source "ChessBase"]
[SourceDate "2001.09.13"]
[SourceVersion "1"]
[SourceVersionDate "2001.09.13"]
[SourceQuality "1"]

1. d4 Nf6 2. c4 e6 3. Nc3 Bb4 4. Qc2 O-O 5. a3 Bxc3+ 6. Qxc3 b6 7. Bg5 Ba6 8.
e3 d6 9. Bd3 Nbd7 10. Ne2 $5 {Besides,white has two principales moves:} (10. b4
$5 {See comments to Jelen,I-Gyimesi,Z/Baden, 1999/CBM 71(1/2-1/2)(Golod,V)(25)}
) ({and} 10. Nf3 $5) 10... h6 ({Also it deserves attention:} 10... c5 $5 {
See comments to DaoThien Hai- Nisipeanu,L/Balatonbereny,1996/CBM 55(0-1)
(Dautov,R)    (67)}) ({and} 10... Rc8 {[%cal Gc7c5]}) 11. Bh4 c5 12. Qc2 Rc8 {
[%csl Rc2,Gc8]} 13. Qa4 Bb7 {[%csl Rg2][%cal Gb7g2]} ({Very interestingly:} 
13... cxd4 $5 14. Bxf6 $140 (14. Qxa6 $4 Nc5 $19) 14... Nc5 15. Bxd8 Nxa4 16.
Bh4 Nxb2 17. Nc1 Nxd3+ 18. Nxd3 dxe3 19. fxe3 Rxc4 $13 {Wang Lei-Torre,E/
Quezon City,2000(1/2-1/2)(43)}) 14. O-O Bc6 $5 $146 {[%mdl 8] Looks rather
logically. The bishop with tempo becomes on "c6", allowing thus,to become on
his place-Q.} ({Repeatedly was checked in the previous games:} 14... a6) (14...
cxd4) ({and} 14... Qc7 $5 {See comments to San Segundo Carrillo,P-Tiviakov,S/
Mondariz,2000/CBM 79 (0-1)(Golod,V)(40)}) 15. Qd1 {Most probably, it's best
place for queen.} ({A little dubiously:} 15. Qb3) ({or} 15. Qc2) (15. Qxa7 $4
Ra8 {[%csl Ra7]}) 15... Qc7 {[%cal Gc7b7] /^a8-h1} 16. Nc3 Qb7 17. f3 a6 {
[%cal Gb6b5] The little bit passive decision.} (17... cxd4 $5 18. exd4 d5 19.
b3 Rfe8 {[%cal Ge6e5]}) 18. a4 Rfe8 ({Again it deserves attention.} 18... cxd4
$5 19. exd4 d5 {and so on.}) 19. Qd2 Ra8 $6 {Difficultly to understand this
move.Probably with the idea:Rec8. Again can be recommended:} (19... cxd4 20.
exd4 d5) 20. Rab1 {[%cal Gb2b4]} cxd4 21. exd4 d5 {At last.Better late, than
never!} 22. b3 Qc7 $6 ({Much better is:} 22... e5 $5 23. dxe5 Rxe5 24. Bg3 Ree8
$11 {[%cal Gd7c5]}) 23. Rfe1 $5 $14 ({Is a possible continuation of the play:} 
23. Bg3 e5 24. cxd5 Nxd5 25. Nxd5 Bxd5 26. Bf5 $14) 23... Qd6 24. Kh1 ({
In my opinion,more preferably:} 24. Qe3 $5 {[%cal Gh4g3]} e5 $140 $2 (24... Qb4
$14) 25. Bxf6 Qxf6 26. Nxd5 Bxd5 27. cxd5 $16 {[%csl Re8]}) ({or} 24. Bg3 $14)
24... Bb7 25. a5 {[%mdl 512] Pretty dubious decision.} (25. Bg3 $142 $14) 25...
bxa5 26. c5 Qc7 27. Bg3 (27. f4 $6 Bc6 {[%csl Gc6,Gc7,Gd5,Re4,Gf6][%cal Gc7b7,
Gf6e4]}) 27... e5 $1 ({Weakly:} 27... Qc6 {in view of:} 28. Bd6 {with
positional advantage of white.}) 28. Na4 Nh5 $1 {[%csl Rg3][%cal Gh5g3] Such
bishop cannot be left on this diagonal.} 29. Bxe5 (29. Bf2 $143 e4 $5 $36 (
29... Nf4 30. Bf5 $13)) 29... Nxe5 30. dxe5 Rxe5 31. Rxe5 Qxe5 32. Re1 $44 ({
Can it was necessary to decide on returning of a material:} 32. Qxa5 Nf4 (32...
Re8 $5) 33. Re1 Qd4 34. Bf1 $13 {[%csl Yf1]}) 32... Qc7 {[%csl Ra5][%cal Yc7a5]
} ({Senselessly:} 32... Qf4 {because of:} 33. Qxa5) 33. Qe3 {[%csl Rg8][%cal
Ge3e8]} Nf6 34. Qd4 Re8 (34... Rb8 $5 {[%csl Rb3][%cal Gb7c6]}) 35. Rxe8+ Nxe8
36. Nb6 {[%csl Rd5]} Qe7 $1 {[%csl Rh1][%cal Ge7e1]} 37. Qc3 ({Impossibly:} 37.
Nxd5 $4 Bxd5 38. Qxd5 Qe1+) 37... Nc7 38. h3 {[%csl Rh1,Yh2]} ({Badly:} 38.
Qxa5 $2 {in view of:} Qe3 {[%csl Gd3,Rh1][%cal Ge3c1,Ge3d3]} 39. Bf1 Ne6 {
[%csl Rc5]} 40. c6 Bxc6 (40... Qc1 $5) 41. Qxa6 Nd4 $17) 38... Bc6 39. Nc8 {
The contenders have agreed to a drawn game in approximately equal position.For
example:} (39. Nc8 Qd8 40. Na7 (40. Nd6 $5) 40... Bb5 41. Nxb5 Nxb5 42. Qe5 $44
) 1/2-1/2